| 000 | 00691nam a2200181Ia 4500 | ||
|---|---|---|---|
| 008 | 100920s9999 xx 000 0 und d | ||
| 082 |
_b75556 _a--- थ 99 |
||
| 100 | _aअनु. गुजर अनिल./ चेस जेम्स हॅडले | ||
| 245 | _aशिक्षा तुझ्या कपाळी !. | ||
| 260 |
_bस्वप्न प्रकाशन, पुणे. _c1999 |
||
| 300 |
_a183 _bसाधी |
||
| 365 | _b160 | ||
| 520 | _aकादंबरी. | ||
| 630 | _aशिक्षा तुझ्या कपाळी !. | ||
| 650 | _aकादंबरी. | ||
| 730 | _aशिक्षा तुझ्या कपाळी !. | ||
| 942 | _cBOOK | ||
| 999 |
_c717060 _d717057 |
||